[Event "36th Reykjavik op"]
[Site "Reykjavik ISL"]
[Date "2023.03.30"]
[Round "2.103"]
[White "Doraszelski, Alexander"]
[Black "Hipler, Andreas"]
[WhiteElo "2093"]
[BlackElo "1780"]
[Result "1-0"]
[EventDate "2023.03.29"]
[PlyCount "65"]

1. e4 c6 2. d4 d5 3. Nd2 dxe4 4. Nxe4 Nd7 5. Bc4 Ngf6 6. Ng5 e6 7. Qe2 Nb6 8. Bd3
h6 9. N5f3 Be7 10. c3 O-O 11. Ne5 c5 12. dxc5 Bxc5 13. Ngf3 Qc7 14. O-O Bd7 15. Re1
Bc6 16. Nxc6 Qxc6 17. Ne5 Qc7 18. Bf4 Bd6 19. Rad1 Rad8 20. Bb1 Qe7 21. Qc2 Nbd5
22. Bg3 Bb8 23. Bh4 Bxe5 24. Rxd5 exd5 25. Bxf6 Bxh2+ 26. Kf1 Qxe1+ 27. Kxe1 Rde8+
28. Kf1 g6 29. g3 Re6 30. Bd4 Bxg3 31. fxg3 a6 32. Qf2 f5 33. Bc2  1-0

[Event "36th Reykjavik op"]
[Site "Reykjavik ISL"]
[Date "2023.03.30"]
[Round "2.104"]
[White "Attinger, Roman"]
[Black "Becker, Tobias"]
[WhiteElo "1768"]
[BlackElo "2085"]
[Result "0-1"]
[EventDate "2023.03.29"]
[PlyCount "56"]

1. d4 d5 2. Nc3 Nf6 3. Bf4 c5 4. e4 Nxe4 5. Nxe4 dxe4 6. dxc5 Qa5+ 7. Qd2 Qxc5 8.
O-O-O Nc6 9. f3 e5 10. Be3 Qb4 11. Qxb4 Bxb4 12. fxe4 Be6 13. Nf3 f6 14. Be2 Rc8
15. Kb1 O-O 16. Rhg1 Be7 17. a3 b6 18. g4 g5 19. h3 Na5 20. Nh2 Rc7 21. Nf1 Rfc8
22. Ba6 Rb8 23. Be2 b5 24. Ng3 b4 25. a4 b3 26. c3 Nc4 27. Rd3 Nxe3 28. Rxe3 Bc5
 0-1

[Event "36th Reykjavik op"]
[Site "Reykjavik ISL"]
[Date "2023.03.30"]
[Round "2.105"]
[White "Karason, Askell Oern"]
[Black "Densing, Gerd"]
[WhiteElo "2084"]
[BlackElo "1777"]
[Result "1-0"]
[EventDate "2023.03.29"]
[PlyCount "51"]

1. Nf3 e6 2. c4 b6 3. g3 Bb7 4. Bg2 f5 5. O-O Nf6 6. d4 Be7 7. d5 O-O 8. Nd4 c5 9.
Nb5 exd5 10. cxd5 d6 11. a4 Na6 12. N1c3 Nc7 13. Qc2 Nxb5 14. axb5 g6 15. Re1 a5
16. Bh6 Rf7 17. Rad1 Qd7 18. Bh3 Ng4 19. Bc1 Bf6 20. f3 Bxc3 21. bxc3 Ne5 22. c4
Qc7 23. Bb2 Bc8 24. f4 Nd7 25. e4 fxe4 26. Be6  1-0

[Event "36th Reykjavik op"]
[Site "Reykjavik ISL"]
[Date "2023.03.30"]
[Round "2.106"]
[White "Deatrick, Alexander"]
[Black "Frost, Niklas"]
[WhiteElo "2081"]
[BlackElo "1774"]
[Result "1-0"]
[EventDate "2023.03.29"]
[PlyCount "37"]

1. e4 c5 2. Nc3 g6 3. f4 a6 4. d4 cxd4 5. Qxd4 Nf6 6. e5 Nc6 7. Qd1 Ng8 8. Nf3 Bg7
9. Be3 Nh6 10. Nd5 Qa5+ 11. c3 e6 12. Nb6 Nf5 13. Bf2 Rb8 14. a3 Nxe5 15. fxe5 Bxe5
16. Qd2 Nd6 17. b4 Ne4 18. bxa5 Bxc3 19. Qxc3  1-0

[Event "36th Reykjavik op"]
[Site "Reykjavik ISL"]
[Date "2023.03.30"]
[Round "2.107"]
[White "Agustsson, Hafsteinn"]
[Black "Heidarsson, Arnar Milutin"]
[WhiteElo "1762"]
[BlackElo "2075"]
[Result "0-1"]
[EventDate "2023.03.29"]
[PlyCount "62"]

1. e4 c5 2. Nf3 d6 3. d4 cxd4 4. Nxd4 Nf6 5. Nc3 a6 6. Bg5 e6 7. Bc4 Be7 8. Qd2 O-O
9. Bb3 b5 10. a3 Qc7 11. O-O-O h6 12. h4 Bd7 13. f3 Nc6 14. Nxc6 Bxc6 15. Bxf6 Bxf6
16. Qxd6 Qb7 17. e5 Rfd8 18. Qc5 Rxd1+ 19. Nxd1 Be7 20. Qe3 a5 21. Rh3 a4 22. Ba2
b4 23. axb4 Bxb4 24. g4 Qb5 25. c4 Qa5 26. Rh2 Rd8 27. f4 a3 28. b3 Bc5 29. Qe2 Rxd1+
30. Kxd1 Qc3 31. Qd2 Bf3+  0-1

[Event "36th Reykjavik op"]
[Site "Reykjavik ISL"]
[Date "2023.03.30"]
[Round "2.108"]
[White "Halldorsson, Bragi"]
[Black "Beuger, Ronald"]
[WhiteElo "2067"]
[BlackElo "1754"]
[Result "1-0"]
[EventDate "2023.03.29"]
[PlyCount "63"]

1. d4 Nf6 2. Nf3 e6 3. Bg5 b6 4. e3 Bb7 5. Bd3 Be7 6. Nbd2 O-O 7. Qe2 d5 8. Bxf6
Bxf6 9. Ne5 c5 10. c3 Bxe5 11. dxe5 f5 12. f4 Nd7 13. c4 Qh4+ 14. g3 Qe7 15. Rg1
b5 16. cxd5 c4 17. d6 Qd8 18. Bc2 Rc8 19. Nf3 Nc5 20. Nd4 Qa5+ 21. Qd2 b4 22. g4
Ne4 23. Bxe4 Bxe4 24. gxf5 c3 25. bxc3 bxc3 26. Qe2 c2+ 27. Kf2 Bxf5 28. e4 Bxe4
29. Qxe4 Qd2+ 30. Ne2 Rc3 31. Rac1 Rd3 32. Rg3  1-0

[Event "36th Reykjavik op"]
[Site "Reykjavik ISL"]
[Date "2023.03.30"]
[Round "2.109"]
[White "Kristinsson, Magnus"]
[Black "Hari, Charan Sai Kalluri"]
[WhiteElo "1756"]
[BlackElo "2066"]
[Result "0-1"]
[EventDate "2023.03.29"]
[PlyCount "42"]

1. e4 c5 2. Nf3 d6 3. d4 cxd4 4. Nxd4 Nf6 5. Nc3 g6 6. Be3 Bg7 7. f3 O-O 8. Qd2 Nc6
9. O-O-O d5 10. exd5 Nxd5 11. Nxc6 bxc6 12. Nxd5 cxd5 13. Qxd5 Qc7 14. Qc5 Qb7 15.
b3 Bf5 16. Bc4 Rfc8 17. Qa5 h5 18. Qd5 Rxc4 19. Qxb7 Rxc2+ 20. Kb1 Rc6+ 21. Rd3 Bxd3#
 0-1

[Event "36th Reykjavik op"]
[Site "Reykjavik ISL"]
[Date "2023.03.30"]
[Round "2.110"]
[White "Opasiak, Dustin Tennessee"]
[Black "Markzon, Gregory"]
[WhiteElo "1748"]
[BlackElo "2059"]
[Result "0-1"]
[EventDate "2023.03.29"]
[PlyCount "76"]

1. e4 e6 2. d4 d5 3. Nc3 Bb4 4. e5 c5 5. a3 Bxc3+ 6. bxc3 Ne7 7. Qg4 Qc7 8. Qxg7
Rg8 9. Qxh7 cxd4 10. Ne2 Nbc6 11. f4 Bd7 12. Qd3 dxc3 13. Rg1 O-O-O 14. g4 d4 15.
Rb1 Be8 16. Rg3 Ng6 17. Qc4 Nh4 18. h3 a6 19. a4 Ne7 20. Qd3 Qc5 21. Ra1 Nc6 22.
Qh7 Nb4 23. Ba3 d3 24. Bxb4 Qxb4 25. Rxd3 Rxd3 26. Qxd3 Bc6 27. Qxc3 Qe4 28. Rd1
Qh1 29. Rd6 Qe4 30. Kd1 Kb8 31. Rd4 Qh1 32. Ng3 Qg1 33. Rd3 Rc8 34. Qd4 Bf3+ 35.
Kc1 Qxg3 36. Kb2 Qe1 37. Qd6+ Ka8 38. Rb3 Qxf1  0-1

[Event "36th Reykjavik op"]
[Site "Reykjavik ISL"]
[Date "2023.03.30"]
[Round "2.111"]
[White "Pagan, Jonathan"]
[Black "Spagnoli, Benjamin"]
[WhiteElo "2042"]
[BlackElo "1744"]
[Result "1-0"]
[EventDate "2023.03.29"]
[PlyCount "93"]

1. e4 d5 2. exd5 Nf6 3. Nf3 Nxd5 4. d4 g6 5. c4 Nb6 6. Nc3 Bg7 7. c5 Nd5 8. Bc4 c6
9. Qb3 e6 10. O-O O-O 11. Re1 b6 12. Bg5 Qc7 13. Qa3 bxc5 14. Qxc5 Nd7 15. Qa3 N7b6
16. Bf1 Bb7 17. Ne4 Rfe8 18. Qd3 a5 19. Qd2 Nd7 20. Rac1 N7f6 21. Nxf6+ Nxf6 22.
Bf4 Qb6 23. Be5 a4 24. h4 Ra5 25. Ng5 Rd8 26. Qf4 Rxe5 27. dxe5 Rd4 28. Qg3 Rg4 29.
Qe3 Qxe3 30. Rxe3 Nd5 31. Ree1 Rxh4 32. Nf3 Rg4 33. Rc4 Nf4 34. g3 Bh6 35. Kh2 c5
36. Ng1 Bd5 37. Rxa4 Nd3 38. Rxg4 Nxe1 39. Ra4 Bc1 40. b3 Bb2 41. f4 Bd4 42. Bc4
Bc6 43. Ra7 Nc2 44. Rc7 Be4 45. Ne2 Bf2 46. Nc3 Bf3 47. Be2  1-0

[Event "36th Reykjavik op"]
[Site "Reykjavik ISL"]
[Date "2023.03.30"]
[Round "2.112"]
[White "Bjorkman, Filip"]
[Black "Tacconi, Antonio"]
[WhiteElo "2040"]
[BlackElo "1736"]
[Result "1-0"]
[EventDate "2023.03.29"]
[PlyCount "133"]

1. e4 Nf6 2. e5 Nd5 3. d4 d6 4. Nf3 dxe5 5. Nxe5 c6 6. Be2 Be6 7. O-O g6 8. c4 Nb6
9. b3 Bg7 10. f4 N8d7 11. Bb2 O-O 12. Nf3 Nf6 13. Nc3 h6 14. Qd2 Qc7 15. Rad1 Rad8
16. Ne5 Nbd7 17. Qe3 Nxe5 18. fxe5 Ng4 19. Qf4 h5 20. Qe4 Nh6 21. Bf3 Bf5 22. Qe2
Bg4 23. Bxg4 Nxg4 24. h3 Nh6 25. Ne4 b6 26. Ng5 e6 27. Ne4 c5 28. dxc5 bxc5 29. Nd6
Nf5 30. Nxf5 exf5 31. Rd5 Rfe8 32. Rfd1 Rxd5 33. Rxd5 Re6 34. Qe3 Bf8 35. Qd3 Qa5
36. a3 Qe1+ 37. Kh2 Qf2 38. Qd2 Qf1 39. Rd8 Kg7 40. Bc1 f4 41. Qxf4 Qxf4+ 42. Bxf4
g5 43. Bxg5 Rxe5 44. Rd5 Re6 45. Kg3 Kg6 46. Kf3 Rb6 47. Be3 Rxb3 48. Rg5+ Kf6 49.
Rxh5 Rxa3 50. Ke4 Ke6 51. Bxc5 Bxc5 52. Rxc5 Rg3 53. Re5+ Kd6 54. Rd5+ Ke6 55. Rd2
f5+ 56. Kd4 Rg7 57. Ra2 Rd7+ 58. Kc5 Rc7+ 59. Kd4 Rd7+ 60. Kc5 Rc7+ 61. Kb5 Ke5 62.
c5 Kd4 63. c6 f4 64. Rd2+ Ke5 65. Rd7 Rc8 66. c7 Ke6 67. Kc6  1-0

[Event "36th Reykjavik op"]
[Site "Reykjavik ISL"]
[Date "2023.03.30"]
[Round "2.113"]
[White "Kane, Robert"]
[Black "Kienitz, Andre"]
[WhiteElo "1745"]
[BlackElo "2039"]
[Result "0-1"]
[EventDate "2023.03.29"]
[PlyCount "96"]

1. d4 e6 2. Nf3 d5 3. Bf4 Nf6 4. e3 Bd6 5. Bg3 O-O 6. Bd3 b6 7. Nbd2 Ba6 8. Qe2 Bxd3
9. Qxd3 c5 10. O-O Bxg3 11. hxg3 Nc6 12. c3 Qd6 13. Rfe1 Rfd8 14. Rad1 h6 15. e4
Qc7 16. e5 Nd7 17. a3 cxd4 18. cxd4 Rdc8 19. Rc1 Qb7 20. g4 Ne7 21. g3 Rc6 22. Nb3
Rac8 23. Rxc6 Rxc6 24. Rc1 Qc8 25. Rxc6 Qxc6 26. Nfd2 a5 27. Qc3 a4 28. Nc1 Qxc3
29. bxc3 Nc6 30. Kf1 Kf8 31. Ke2 Ke7 32. Kd3 b5 33. Kc2 f6 34. exf6+ gxf6 35. Nd3
Kd6 36. Nb4 Na5 37. f4 Nb6 38. Kd3 Nb3 39. Nf3 Nc1+ 40. Kd2 Nb3+ 41. Ke2 Nc4 42.
Nc2 Nc1+ 43. Kf1 Na2 44. g5 hxg5 45. fxg5 fxg5 46. Nxg5 Nxc3 47. g4 Ke7 48. Nf3 Nb1
 0-1

[Event "36th Reykjavik op"]
[Site "Reykjavik ISL"]
[Date "2023.03.30"]
[Round "2.115"]
[White "Holand, Per Fredrik"]
[Black "Tan, Jimmy"]
[WhiteElo "2026"]
[BlackElo "1715"]
[Result "1/2-1/2"]
[EventDate "2023.03.29"]
[PlyCount "104"]

1. d4 Nf6 2. Bf4 d5 3. e3 c5 4. c3 Nc6 5. Nd2 Bf5 6. Qb3 Qb6 7. dxc5 Qxb3 8. axb3
e5 9. Bg3 Bxc5 10. Ngf3 Nd7 11. Bb5 f6 12. O-O O-O 13. b4 Bb6 14. Ra3 Kh8 15. Ba4
Rac8 16. Bb3 Ne7 17. h3 a6 18. Raa1 Rfd8 19. Rfe1 Nf8 20. Rad1 Be6 21. Nb1 Nf5 22.
Bh2 h5 23. Bc2 Nd6 24. Nbd2 g5 25. Nxe5 fxe5 26. Bxe5+ Kg8 27. Bxd6 Rxd6 28. Ne4
Rdd8 29. Nxg5 Rc7 30. Nxe6 Nxe6 31. Bb3 Rcd7 32. e4 Nf4 33. Bxd5+ Nxd5 34. Rxd5 Rxd5
35. exd5 Rxd5 36. Re2 Rd1+ 37. Kh2 Bc7+ 38. g3 h4 39. Kg2 hxg3 40. fxg3 Rd3 41. g4
Rg3+ 42. Kf2 Rxh3 43. Re7 Rh7 44. Rxh7 Kxh7 45. Kf3 Kg6 46. Ke4 Kg5 47. Kd5 Kxg4
48. Ke6 Bf4 49. Kd7 Bc1 50. Kc7 Bxb2 51. Kxb7 Bxc3 52. Kxa6 Bxb4  1/2-1/2

[Event "36th Reykjavik op"]
[Site "Reykjavik ISL"]
[Date "2023.03.30"]
[Round "2.116"]
[White "Scotti, Martin"]
[Black "Petursson, Gudni"]
[WhiteElo "1734"]
[BlackElo "2020"]
[Result "0-1"]
[EventDate "2023.03.29"]
[PlyCount "50"]

1. d4 d5 2. c4 dxc4 3. e4 Nc6 4. Be3 Nf6 5. f3 e6 6. Bxc4 Bb4+ 7. Kf2 O-O 8. Ne2
a6 9. Nbc3 b5 10. Bd3 Ba5 11. Rc1 Bb7 12. Bb1 Bb6 13. Qd3 e5 14. Rhd1 exd4 15. Nxd4
Ne5 16. Qe2 Qe8 17. a3 Nc4 18. Ba2 Nxe3 19. Qxe3 Qe5 20. h3 Rad8 21. f4 Nxe4+ 22.
Kf1 Bxd4 23. fxe5 Bxe3 24. Rxd8 Rxd8 25. Re1 Ng3#  0-1

[Event "36th Reykjavik op"]
[Site "Reykjavik ISL"]
[Date "2023.03.30"]
[Round "2.117"]
[White "Maleki, Nicolas"]
[Black "Omarsson, Josef"]
[WhiteElo "2018"]
[BlackElo "1693"]
[Result "1-0"]
[EventDate "2023.03.29"]
[PlyCount "91"]

1. Nf3 Nf6 2. c4 g6 3. b3 Bg7 4. Bb2 O-O 5. g3 d6 6. d4 c5 7. d5 a6 8. a4 Bf5 9.
Bg2 a5 10. O-O Na6 11. Nfd2 Nb4 12. e4 Bg4 13. f3 Bd7 14. Na3 e6 15. Rb1 exd5 16.
cxd5 Qc7 17. Ndc4 Rab8 18. f4 b5 19. Nxb5 Bxb5 20. axb5 Rxb5 21. e5 dxe5 22. fxe5
Nd7 23. e6 fxe6 24. dxe6 Bxb2 25. Rxb2 Nf6 26. Rbf2 Qe7 27. Qd6 Qxd6 28. Nxd6 Rb6
29. e7 Rxd6 30. exf8=Q+ Kxf8 31. Rxf6+ Rxf6 32. Rxf6+ Ke7 33. Rb6 Nd3 34. Bd5 Kd7
35. Bc4 Nb2 36. Ra6 a4 37. Bb5+ Kc7 38. bxa4 h5 39. Rc6+ Kb7 40. Rxc5 Nd1 41. Rg5
Ne3 42. Rxg6 h4 43. gxh4 Nf5 44. h5 Kc7 45. h6 Nxh6 46. Rxh6  1-0

[Event "36th Reykjavik op"]
[Site "Reykjavik ISL"]
[Date "2023.03.30"]
[Round "2.118"]
[White "Qiu, Peter Yong"]
[Black "Schaefer, Bernd"]
[WhiteElo "1729"]
[BlackElo "2018"]
[Result "0-1"]
[EventDate "2023.03.29"]
[PlyCount "84"]

1. e4 c5 2. Nc3 a6 3. f4 b5 4. Nf3 Bb7 5. d3 e6 6. g3 d5 7. e5 Nh6 8. Bh3 Qb6 9.
O-O Nc6 10. f5 Nxf5 11. Nxd5 Qd8 12. Bxf5 exf5 13. c4 Ne7 14. Nf4 Ng6 15. Re1 Nxf4
16. Bxf4 Be7 17. h4 O-O 18. Kh2 bxc4 19. Bg5 Bxg5 20. Nxg5 Qd5 21. Re2 cxd3 22. Rd2
Rad8 23. Qb3 c4 24. Qb6 Rfe8 25. Re1 f6 26. Nh3 fxe5 27. Ng5 e4 28. Qe3 Rc8 29. Rc1
Red8 30. Qf4 Re8 31. Qe3 Qc5 32. Qf4 g6 33. h5 Qe5 34. hxg6 hxg6 35. Qh4 Re7 36.
Kg1 e3 37. Rxc4 exd2 38. Rxc8+ Bxc8 39. Qc4+ Kg7 40. Qxd3 Qe1+ 41. Kh2 Re2+ 42. Kh3
Qh1#  0-1

[Event "36th Reykjavik op"]
[Site "Reykjavik ISL"]
[Date "2023.03.30"]
[Round "2.120"]
[White "Koh, Ming Yao Gavin"]
[Black "Hetland, Even"]
[WhiteElo "2012"]
[BlackElo "1680"]
[Result "1-0"]
[EventDate "2023.03.29"]
[PlyCount "59"]

1. d4 d5 2. c4 e6 3. Nf3 Nf6 4. Nc3 Be7 5. Bf4 O-O 6. e3 b6 7. cxd5 exd5 8. Bd3 Bb7
9. h3 c5 10. O-O Nc6 11. Rc1 cxd4 12. exd4 Qd7 13. Re1 Rac8 14. a3 Nh5 15. Ne5 Nxe5
16. Bxe5 g6 17. Qf3 a6 18. Rc2 Rfe8 19. Rce2 Ng7 20. Bc2 b5 21. Bb3 Rcd8 22. Nd1
b4 23. Ne3 h5 24. a4 Ne6 25. Qg3 Kh7 26. Bc2 b3 27. Bxb3 f6 28. Bc2 Rg8 29. Qf3 Ng5
30. Qxh5+  1-0

[Event "36th Reykjavik op"]
[Site "Reykjavik ISL"]
[Date "2023.03.30"]
[Round "2.121"]
[White "Chilton, James I"]
[Black "Verweij, Kees"]
[WhiteElo "1722"]
[BlackElo "2010"]
[Result "1/2-1/2"]
[EventDate "2023.03.29"]
[PlyCount "81"]

1. d4 g6 2. c4 Nf6 3. Nc3 Bg7 4. e4 d6 5. Nf3 O-O 6. Bd3 Bg4 7. Be3 e5 8. d5 a5 9.
h3 Bxf3 10. Qxf3 Nbd7 11. O-O Nc5 12. Bc2 Ne8 13. g4 Qh4 14. Ne2 Bh6 15. Kh2 Bxe3
16. Qxe3 g5 17. Ng3 Ng7 18. Nf5 Nxf5 19. exf5 f6 20. a3 a4 21. Rg1 Kf7 22. Rg3 Rh8
23. Rag1 b6 24. R1g2 Rhb8 25. Qc1 Ra7 26. Qd1 b5 27. Rc3 bxc4 28. Rxc4 Rxb2 29. Rg3
Rab7 30. Kg2 Qh6 31. Bxa4 Rb1 32. Qc2 Qf8 33. Rxc5 dxc5 34. Bb3 Ra1 35. d6+ Kg7 36.
Qe4 Rxb3 37. Rxb3 Qxd6 38. Rd3 Qa6 39. Qd5 Qd6 40. Qe4 Qa6 41. Qd5  1/2-1/2

[Event "36th Reykjavik op"]
[Site "Reykjavik ISL"]
[Date "2023.03.30"]
[Round "2.122"]
[White "Alashtar, Aasef"]
[Black "Pedersen, Sondre-Andreas"]
[WhiteElo "2007"]
[BlackElo "1674"]
[Result "1-0"]
[EventDate "2023.03.29"]
[PlyCount "127"]

1. Nf3 d5 2. c4 Nf6 3. e3 e6 4. b3 Bd6 5. Bb2 O-O 6. Qc2 b6 7. d4 c5 8. dxc5 bxc5
9. Bd3 h6 10. O-O Nc6 11. a3 Rb8 12. Nbd2 Bb7 13. cxd5 exd5 14. e4 d4 15. Nc4 Re8
16. Rfe1 Ng4 17. Bc1 Bc7 18. Bd2 Qe7 19. Re2 Nge5 20. Nfxe5 Nxe5 21. Nxe5 Qxe5 22.
f4 Qh5 23. Rae1 Bb6 24. Bc4 Rbd8 25. Qd3 Bc8 26. f5 Bc7 27. g3 Re7 28. Rf2 Be5 29.
b4 cxb4 30. Bxb4 Ree8 31. Bd5 Qg5 32. Qb3 Qf6 33. Rc2 Bd7 34. Bc5 Rb8 35. Qf3 a6
36. Rec1 Ba4 37. Rg2 Rec8 38. Qd3 Rb5 39. Rc4 Bb3 40. Bb4 Bxc4 41. Bxc4 Rb6 42. Bd5
a5 43. Bxa5 Rc1+ 44. Kf2 Rb2+ 45. Kf3 Rbb1 46. Bd2 Rf1+ 47. Rf2 Rxf2+ 48. Kxf2 Qb6
49. Kf3 Qb2 50. Kg4 Rd1 51. Bxf7+ Kxf7 52. Qc4+ Ke8 53. Qe6+ Kd8 54. Ba5+ Bc7 55.
Qg8+ Kd7 56. Qxg7+ Ke8 57. Qg8+ Ke7 58. Bb4+ Bd6 59. Qe6+ Kd8 60. Qxd6+ Kc8 61. Qc6+
Kb8 62. Bd6+ Ka7 63. Qa4+ Kb6 64. Qxd1  1-0

[Event "36th Reykjavik op"]
[Site "Reykjavik ISL"]
[Date "2023.03.30"]
[Round "2.123"]
[White "Hallmundarson, Birkir"]
[Black "Mensing, Adrian"]
[WhiteElo "1499"]
[BlackElo "2005"]
[Result "0-1"]
[EventDate "2023.03.29"]
[PlyCount "92"]

1. Nf3 f5 2. c4 Nf6 3. Nc3 g6 4. d4 Bg7 5. Bg5 Ne4 6. Bh4 d6 7. e3 Nxc3 8. bxc3 O-O
9. Bd3 Qe8 10. Qb3 e5 11. Be2 c5 12. d5 h6 13. O-O-O e4 14. Nd2 g5 15. Bg3 f4 16.
exf4 gxf4 17. Bh4 e3 18. Nf3 Bf5 19. Bd3 Bxd3 20. Rxd3 Qe4 21. Rdd1 Nd7 22. Rhe1
Nb6 23. Qc2 Rae8 24. fxe3 Qxc2+ 25. Kxc2 Nxc4 26. exf4 Ne3+ 27. Rxe3 Rxe3 28. Rd3
Re2+ 29. Rd2 Rfe8 30. Bf2 R8e4 31. g3 Rxd2+ 32. Kxd2 Ra4 33. Nh4 Rxa2+ 34. Ke3 Bxc3
35. Kf3 b5 36. Nf5 Ra6 37. Nxh6+ Kf8 38. g4 b4 39. Be3 b3 40. g5 b2 41. f5 b1=Q 42.
h4 Qd1+ 43. Kg3 Be5+ 44. Bf4 Ra3+ 45. Kg2 Qe2+ 46. Kh1 Ra2  0-1

[Event "36th Reykjavik op"]
[Site "Reykjavik ISL"]
[Date "2023.03.30"]
[Round "2.124"]
[White "Mehlhorn, David"]
[Black "Shadrina, Eva"]
[WhiteElo "2004"]
[BlackElo "1563"]
[Result "1-0"]
[EventDate "2023.03.29"]
[PlyCount "73"]

1. e4 c5 2. Be2 e5 3. Bc4 d6 4. d3 Be7 5. Qh5 g6 6. Qf3 Nf6 7. Bh6 Nc6 8. c3 a6 9.
a4 Na5 10. Nd2 Nxc4 11. dxc4 Ng4 12. Be3 Nxe3 13. Qxe3 Bg5 14. Qd3 Be6 15. Ngf3 Bf6
16. O-O O-O 17. Ne1 Qe7 18. Nc2 h5 19. Rfd1 Rad8 20. Nf1 Kg7 21. Nce3 Qd7 22. Nd5
Bg5 23. Qg3 Bh6 24. b4 cxb4 25. cxb4 Qc6 26. c5 dxc5 27. Qxe5+ f6 28. Nxf6 Rxf6 29.
Rxd8 cxb4 30. Rd6 Qc8 31. g3 Qc2 32. Qd4 Kf7 33. Rb6 Bf8 34. Rxb7+ Be7 35. Qa7 b3
36. Rxe7+ Kf8 37. Rc7  1-0

[Event "36th Reykjavik op"]
[Site "Reykjavik ISL"]
[Date "2023.03.30"]
[Round "2.125"]
[White "Eythorsson, Engilbert Vidar"]
[Black "Striskova, Lucia"]
[WhiteElo "1442"]
[BlackElo "2002"]
[Result "1/2-1/2"]
[EventDate "2023.03.29"]
[PlyCount "105"]

1. d4 Nf6 2. c4 e6 3. Nc3 Bb4 4. Bg5 h6 5. Bh4 O-O 6. Nf3 d5 7. e3 c5 8. cxd5 exd5
9. dxc5 Be6 10. Be2 Nbd7 11. Rc1 Nxc5 12. O-O Bxc3 13. Rxc3 Nce4 14. Rc1 Qb6 15.
Bxf6 Nxf6 16. b3 Rac8 17. Qd4 Qxd4 18. Nxd4 Ne4 19. Bf3 Ng5 20. Rfd1 Rfd8 21. h3
a6 22. h4 Nxf3+ 23. Nxf3 Bg4 24. Rxc8 Rxc8 25. Rxd5 Rc1+ 26. Kh2 Bxf3 27. gxf3 Rc2
28. Kg3 Rxa2 29. Rd8+ Kh7 30. Rd7 b5 31. Rxf7 Ra3 32. Ra7 Kg6 33. b4 Ra4 34. f4 Kf6
35. e4 Ra3+ 36. f3 Ra1 37. f5 Ke5 38. Re7+ Kf6 39. Re6+ Kf7 40. Kf4 Ra4 41. Ke5 a5
42. bxa5 Rxa5 43. Rb6 b4+ 44. Kd6 Ra3 45. Rxb4 Rxf3 46. Rb7+ Kg8 47. Ke6 Rf4 48.
e5 Rf1 49. Rb8+ Kh7 50. h5 Rf2 51. f6 gxf6 52. exf6 Rxf6+ 53. Kxf6  1/2-1/2

[Event "36th Reykjavik op"]
[Site "Reykjavik ISL"]
[Date "2023.03.30"]
[Round "2.126"]
[White "Langlois-Remillard, Alexis"]
[Black "Vidarsson, Kari Steinn"]
[WhiteElo "2001"]
[BlackElo "1267"]
[Result "1-0"]
[EventDate "2023.03.29"]
[PlyCount "65"]

1. c4 Nf6 2. g3 e6 3. Bg2 d5 4. b3 c5 5. Nf3 d4 6. d3 Nc6 7. O-O Be7 8. Na3 O-O 9.
Nc2 e5 10. e3 Re8 11. exd4 exd4 12. a3 a5 13. Rb1 Qc7 14. b4 axb4 15. axb4 Bd7 16.
Bf4 Bd6 17. Bxd6 Qxd6 18. bxc5 Qxc5 19. Rxb7 Nd8 20. Rb2 Ne6 21. Re1 Ba4 22. Qd2
Bxc2 23. Qxc2 Ra3 24. Rb3 Rea8 25. Nd2 Rc8 26. Qb2 Rxb3 27. Qxb3 Qa5 28. Qd1 Nc5
29. Ne4 Nfxe4 30. Bxe4 g6 31. Bd5 Nxd3 32. Re7 Rc7 33. Rxc7  1-0

[Event "36th Reykjavik op"]
[Site "Reykjavik ISL"]
[Date "2023.03.30"]
[Round "2.127"]
[White "Haberecht, Paul"]
[Black "Kalla, Christian"]
[WhiteElo "1412"]
[BlackElo "1994"]
[Result "1/2-1/2"]
[EventDate "2023.03.29"]
[PlyCount "71"]

1. d4 Nf6 2. Nf3 g6 3. g3 Bg7 4. Bg2 O-O 5. O-O d5 6. c4 c6 7. b3 Ne4 8. Bb2 a5 9.
Ne5 Nd7 10. cxd5 cxd5 11. Nxd7 Bxd7 12. Nc3 Nxc3 13. Bxc3 Bb5 14. Re1 Qd7 15. Qd2
a4 16. bxa4 Rxa4 17. a3 Rc4 18. e3 Rfc8 19. Rec1 Ba4 20. Bf1 R4c6 21. Bd3 Qc7 22.
Bb2 Bb3 23. Rxc6 Qxc6 24. Rc1 Bc4 25. Bc3 e6 26. Bb4 Ra8 27. Bf1 Ra4 28. Be2 b5 29.
Bd1 Ra6 30. Qc3 f6 31. Bf3 e5 32. dxe5 fxe5 33. Qd2 e4 34. Bxe4 dxe4 35. Qd8+ Kf7
36. Qe7+  1/2-1/2

[Event "36th Reykjavik op"]
[Site "Reykjavik ISL"]
[Date "2023.03.30"]
[Round "2.132"]
[White "Buchert, Matthaus"]
[Black "Rice, Chris"]
[WhiteElo "1641"]
[BlackElo "1952"]
[Result "1/2-1/2"]
[EventDate "2023.03.29"]
[PlyCount "79"]

1. e4 c6 2. d4 d5 3. exd5 cxd5 4. Bd3 Nc6 5. c3 Nf6 6. Bf4 Bg4 7. Qb3 Qd7 8. Nd2
e6 9. Ngf3 Bxf3 10. Nxf3 Bd6 11. Bxd6 Qxd6 12. O-O O-O 13. Rae1 Qc7 14. Qd1 Rab8
15. Ne5 Nxe5 16. Rxe5 b5 17. Re3 b4 18. Rh3 g6 19. Qf3 Kg7 20. Qe3 h5 21. Rc1 bxc3
22. Rxc3 Qd6 23. Rc2 Rfc8 24. Re2 Rb4 25. f3 Qb6 26. Rh4 Rxb2 27. g4 Rxe2 28. Bxe2
Qb1+ 29. Kf2 Qc1 30. Qe5 g5 31. Rxh5 Kg6 32. Bd3+ Ne4+ 33. fxe4 Rc2+ 34. Bxc2 Qxc2+
35. Ke3 Qc3+ 36. Kf2 Qd2+ 37. Kf3 Qd3+ 38. Kf2 Qd2+ 39. Kf3 Qd3+ 40. Kf2  1/2-1/2

[Event "36th Reykjavik op"]
[Site "Reykjavik ISL"]
[Date "2023.03.30"]
[Round "2.133"]
[White "Jansen, Jesper Billeskov"]
[Black "Bryant, Harry"]
[WhiteElo "1928"]
[BlackElo "1652"]
[Result "1-0"]
[EventDate "2023.03.29"]
[PlyCount "92"]

1. e4 c5 2. Nf3 Nc6 3. d4 cxd4 4. c3 Nf6 5. e5 Nd5 6. cxd4 d6 7. Bc4 dxe5 8. dxe5
Ndb4 9. Qe2 Bf5 10. O-O e6 11. Bg5 Be7 12. Bxe7 Qxe7 13. Nc3 O-O-O 14. Rfd1 Rxd1+
15. Rxd1 Rd8 16. a3 Rxd1+ 17. Qxd1 Qc5 18. Nb5 Na6 19. b4 Qe7 20. Nd6+ Kb8 21. b5
Na5 22. bxa6 Qc7 23. Qa4 Nc6 24. axb7 Qb6 25. Qb5 f6 26. Qxb6 axb6 27. Nxf5 exf5
28. exf6 gxf6 29. Kf1 Ne7 30. Ke2 Kxb7 31. Nd4 Kc7 32. Ke3 Kd6 33. Bd3 Nd5+ 34. Kd2
f4 35. Bxh7 Ke5 36. Nf3+ Kd6 37. Be4 Nc7 38. Kd3 Ne6 39. Kc4 Nc7 40. a4 Ne8 41. Kd4
Nc7 42. h4 Ne6+ 43. Kc4 Nc7 44. Bg6 Ne6 45. h5 Nf8 46. Bf5 Ke7  1-0

[Event "36th Reykjavik op"]
[Site "Reykjavik ISL"]
[Date "2023.03.30"]
[Round "2.134"]
[White "Arian, Tomer"]
[Black "Schaefer, Kay"]
[WhiteElo "1644"]
[BlackElo "1919"]
[Result "0-1"]
[EventDate "2023.03.29"]
[PlyCount "100"]

1. e4 c5 2. c3 a6 3. d4 cxd4 4. cxd4 d5 5. e5 Bf5 6. Bd3 Bxd3 7. Qxd3 e6 8. Ne2 g6
9. Nbc3 Bg7 10. h4 h5 11. Bg5 Ne7 12. O-O b5 13. Nc1 Nbc6 14. Nb3 Qb6 15. a3 Nf5
16. Ne2 O-O 17. Rac1 Rfc8 18. Rc2 Ra7 19. Rfc1 Rac7 20. Kh1 Bf8 21. f3 b4 22. a4
Be7 23. Bxe7 Ncxe7 24. Rxc7 Rxc7 25. Rxc7 Qxc7 26. Nc5 a5 27. Qb5 Nc6 28. g3 Nfxd4
29. Nxd4 Nxd4 30. Qe8+ Kg7 31. Nd7 Qc1+ 32. Kg2 Qc2+ 33. Kh3 Qf5+ 34. Kh2 Qc2+ 35.
Kh3 Qf5+ 36. Kh2 Nxf3+ 37. Kg2 Nxe5 38. Qf8+ Kh7 39. Nxe5 Qxe5 40. Qxf7+ Qg7 41.
Qxe6 Qxb2+ 42. Kh3 Qd4 43. Qf7+ Kh6 44. Qf8+ Qg7 45. Qf4+ Kh7 46. Qd2 Qd7+ 47. Kg2
d4 48. Kf2 d3 49. g4 Qxg4 50. Qe3 Qe2+  0-1

[Event "36th Reykjavik op"]
[Site "Reykjavik ISL"]
[Date "2023.03.30"]
[Round "2.135"]
[White "Adams, George"]
[Black "Geyler, Stefan"]
[WhiteElo "1604"]
[BlackElo "1915"]
[Result "1/2-1/2"]
[EventDate "2023.03.29"]
[PlyCount "88"]

1. d4 Nf6 2. Nf3 g6 3. Bf4 Bg7 4. e3 d6 5. h3 O-O 6. Bd3 c5 7. c3 Qb6 8. Qb3 Qxb3
9. axb3 cxd4 10. exd4 Nc6 11. O-O Nd5 12. Bh2 e5 13. Be4 Nde7 14. Bxc6 Nxc6 15. b4
f6 16. Na3 Bf5 17. Rfd1 Rfd8 18. Nc4 Bc2 19. Re1 Bb3 20. Na5 Nxa5 21. Rxa5 a6 22.
b5 Bc4 23. bxa6 Rxa6 24. Rea1 Rda8 25. Rxa6 Rxa6 26. Rxa6 Bxa6 27. g4 Kf7 28. dxe5
dxe5 29. g5 Ke6 30. gxf6 Bxf6 31. Nd2 Bg5 32. Ne4 Bc1 33. b3 b6 34. c4 Bb7 35. f3
Be3+ 36. Kf1 h6 37. Ke2 Bd4 38. h4 Bc6 39. Bg3 b5 40. Kd3 bxc4+ 41. bxc4 Bb6 42.
Be1 Bd8 43. Bg3 Be7 44. Ke3 Bb4  1/2-1/2